The Walking Dead Characters Quiz Stats

 Plays Quiz Updated Nov 7, 2018

Support Sporcle.
Go Orange.
Score 0/25 Timer 04:00
10 Plays Today
Character % Correct
Rick Grimes
97.8%
Carl Grimes
90.9%
Glenn Rhee
88.4%
Maggie Rhee
88.4%
Daryl Dixon
88.1%
Carol Peletier
84.3%
Beth Greene
82.2%
Andrea
82.1%
Shane Walsh
81.1%
Hershel Greene
80.6%
The Governor
79.6%
Lori Grimes
79%
Michonne
76.7%
Character % Correct
Theo Douglas 'T-Dog'
75.7%
Abraham Ford
75.3%
Judith Grimes
75.2%
Dale Horvath
74.2%
Sasha
73.4%
Merle Dixon
72%
Tyreese
69.2%
Bob Stookey
66.6%
Eugene Porter
63.5%
Joe
40.6%
Milton Mamet
39.1%
Axel
37.2%

From the Vault

The Great Quiz

by Derek

Tony the Tiger would really like the answers on this quiz.
Remove Ads.
Support Sporcle.
Get the best of Sporcle when you Go Orange. This ad-free experience offers more features, more stats, and more fun while also helping to support Sporcle. Thank you for becoming a member.

Show Comments

Extras

Top Quizzes Today


Score Distribution

Your Account Isn't Verified!

In order to create a playlist on Sporcle, you need to verify the email address you used during registration. Go to your Sporcle Settings to finish the process.

Report this User

Report this user for behavior that violates our Community Guidelines.

Details: